LEADER 01486nam 2200397 450 001 000014725 005 20090205111841.0 010 $a0 7294 0714 4 011 $a0435-2866 100 $a20030703d2001----km-y0itay0103----ba 101 0 $aeng$afre 102 $aGB 200 1 $aFrom letter to publication$estudies on correspondence and the history of the book: with the Besterman lecture 2000 210 $aOxford$cVoltaire Foundation$d2001 215 $aV, 295 p.$cill.$d24 cm. 225 2 $aStudies on Voltaire and the Eighteenth Century$v2001:10 410 0$12001$aStudies on Voltaire and the Eighteenth Century$v2001:10 606 $aIndustria editoriale$zSec. 18. 676 $a070.1$v(21. ed.)$9Media documentari, didattici, di notizie 801 0$aIT$bUniversità della Basilicata - B.I.A.$gRICA$2unimarc 912 $a000014725 996 $aFrom letter to publication$980330 997 $aUNIBAS BAS $aMONLET BAS $aMONOGR BAS $aLETTERE CAT $aGIORDANO$b10$c20030703$lBAS01$h1609 CAT $c20050601$lBAS01$h1755 CAT $abatch$b01$c20050718$lBAS01$h1052 CAT $c20050718$lBAS01$h1111 CAT $c20050718$lBAS01$h1141 CAT $c20050718$lBAS01$h1155 CAT $aBATCH$b00$c20070503$lBAS01$h1730 CAT $aAGD$b30$c20090205$lBAS01$h1118 FMT Z30 -1$lBAS01$LBAS01$mBOOK$1BASA1$APolo Storico-Umanistico$2GEN$BCollezione generale$3FM/99636/14a$699636$5L99636$820030703$f02$FPrestabile Generale